书目信息 |
| 题名: |
传习录注疏
|
|
| 作者: | 王守仁 撰 ;邓艾民 注 | |
| 分册: | ||
| 出版信息: | 上海 上海古籍出版社 2015 |
|
| 页数: | 295页 | |
| 开本: | 21cm | |
| 丛书名: | ||
| 单 册: | ||
| 中图分类: | B248.22 | |
| 科图分类: | ||
| 主题词: | 心学--xin xue--中国--明代 | |
| 电子资源: | ||
| ISBN: | 978-7-5325-7562-6 | |
| 000 | 00935nam0 22002411 450 | |
| 001 | 0118172010 | |
| 005 | 20170618172010.0 | |
| 010 | @a978-7-5325-7562-6@dCNY35.00 | |
| 100 | @a20150730d2015 em y0chiy50 ea | |
| 101 | 0 | @achi |
| 102 | @aCN@b310000 | |
| 105 | @ay z 000yy | |
| 106 | @ar | |
| 200 | 1 | @a传习录注疏@Achuan xi lu zhu shu@f(明)王阳明撰@g邓艾民注 |
| 210 | @a上海@c上海古籍出版社@d2015 | |
| 215 | @a295页@d21cm | |
| 330 | @a本书将《传习录》所涉及的引语和背景知识一一注出,并将《传习录》上中下三卷打通,对其中在义理上可以互相印证的条目作了贯通的考辨,从整体上把握王阳明的思想;并进一步将视野扩展到阳明后学,通过对王门弟子的著作及其思想的解读,展示了阳明学的展开进程。 | |
| 606 | 0 | @a心学@Axin xue@y中国@z明代 |
| 690 | @aB248.22@v5 | |
| 701 | 0 | @c(明)@a王守仁@Awang shou ren@f(1472~1529)@4撰 |
| 702 | 0 | @a邓艾民@Adeng ai min@f(1920~1984)@4注 |
| 801 | 0 | @aCN@bTANGWEI@c20170608 |
| 905 | @b1007991-6@dB248.22@e54@f6 | |
| 传习录注疏/(明)王阳明撰/邓艾民注.-上海:上海古籍出版社,2015 |
| 295页;21cm |
| ISBN 978-7-5325-7562-6:CNY35.00 |
| 本书将《传习录》所涉及的引语和背景知识一一注出,并将《传习录》上中下三卷打通,对其中在义理上可以互相印证的条目作了贯通的考辨,从整体上把握王阳明的思想;并进一步将视野扩展到阳明后学,通过对王门弟子的著作及其思想的解读,展示了阳明学的展开进程。 |
| ● |
| 相关链接 |
|
|
|
|
正题名:传习录注疏
索取号:B248.22/54
 
预约/预借
| 序号 | 登录号 | 条形码 | 馆藏地/架位号 | 状态 | 备注 |
| 1 | 1007991 | 210079911 | 第一样本阅览室/ [索取号:B248.22/54] | 在馆 | |
| 2 | 1007992 | 210079920 | 教育系资料室/ [索取号:B248.22/54] | 在馆 | |
| 3 | 1007993 | 210079939 | 教育系资料室/ [索取号:B248.22/54] | 在馆 | |
| 4 | 1007994 | 210079948 | 教育系资料室/ [索取号:B248.22/54] | 在馆 | |
| 5 | 1007995 | 210079957 | 第一借阅区/ [索取号:B248.22/54] | 在馆 | |
| 6 | 1007996 | 210079966 | 第一借阅区/ [索取号:B248.22/54] | 在馆 |